Trouvez la ville de leurs naissances - Statistiques

Statistiques générales
  • Ce quiz a été pris 13 fois
  • Le résultat moyen est 10 sur 30
Statistiques - réponses
Célèbrités Ville % Correct
Zinédine Zidane - Fernandel - Jean-Pierre Foucault Marseille
83%
Tino Rossi - Napoléon - Alizée Ajaccio
67%
Emmanuel Macron - Brigitte Macron - Pierre Choderlos de Laclos Amiens
67%
Denis Brogniart - Gustave Eiffel - Jean-Philippe Rameau Dijon
50%
Nicolas Hulot - Charles de Gaulle - Alain Decaux Lille
50%
Laurent Wauquiez - Clovis Cornillac - Stéphane Bern - Raymond Domenech Lyon
50%
Simone Veil - Dick Rivers - Georges Lautner Nice
50%
Coluche - Marcel Proust - Maurice Chevalier - Michel Sardou Paris
42%
Arsène Wenger - Herbert Léonard - Marcel Marceau Strasbourg
42%
Claude Nougaro - Jean-Louis Debré - Jean-Pierre Rives Toulouse
42%
Victor Hugo - Tristan Bernard - Auguste et Louis Lumière Besançon
33%
François Mauriac - Serge Lama - Sophie Davant Bordeaux
33%
Yaël Braun-Pivet - Karine Le Marchand - Charlélie Couture Nancy
33%
François Hollande - Thomas Pesquet - David Douillet Rouen
33%
Bernard Lavilliers - Piem - Charles Fiterman Saint-Etienne
33%
Christian Perronne - Hervé Bazin - Daniel Gélin Angers
25%
Laury Thilleman - Béatrice Dalle - Loïk Le Floch-Prigent Brest
25%
Alexis et Félix Lebrun - Juliette Gréco - Didier Auriol Montpellier
25%
Jules Berry - Marie-France Garaud - Jean-Pierre Raffarin Poitiers
25%
Honoré de Balzac - Jean Carmet - Marie-Laure Augry Tours
25%
Paul Meurisse - Jean-Paul Rouve - Dominique Lagrou-Sem Dunkerque
17%
Paul Verlaine - Jacques Charrier - Philippe Bilger Metz
17%
Aristide Briand - Loïck Peyron - Éric Tabarly Nantes
17%
Alphonse Daudet - Bernadette Lafont - Jean Bousquet Nîmes
17%
Anne-Claire Coudray - Charles Vanel - Georges Jouvin Rennes
17%
Alain Duhamel - Eugène Poubelle - Laure Adler Caen
8%
Denis Diderot - Langres
8%
Charles Péguy - Cyril Neveu - Jean Zay Orléans
8%
Patrick Poivre d'Arvor - Maurice Couve de Murville - Jean-Baptiste Colbert Reims
8%
Mireille Darc - Gilbert Bécaud - Raimu Toulon
8%
Aucun quiz correspondant
Distribution des résultats
% des personnes avec chaque résultat
Percentile par nombre de réponses
Votre historique - résultats
Vous n’avez pas pris ce quiz